|
|
|
|
| LEADER |
00829nam a22002171 4500 |
| 001 |
c000009432 |
| 003 |
CARM |
| 005 |
00000000000000.0 |
| 008 |
861029s1931 enk 00000 eng d |
| 019 |
1 |
|
|a 27938345
|z 4837727
|5 LACONCORD2021
|
| 035 |
|
|
|a (OCoLC)5050802
|5 LACONCORD2021
|
| 100 |
1 |
|
|a Hayek, Friedrich A. von
|q (Friedrich August),
|d 1899-
|
| 245 |
1 |
0 |
|a Prices and production.
|c With a foreword by Lionel Robbins.
|
| 260 |
|
|
|a London,
|b Routledge,
|c 1931.
|
| 300 |
|
|
|a xv, 112 p.
|b tables.
|
| 440 |
|
|
|a Studies in economics and political science ;
|
| 650 |
|
0 |
|a Money.
|
| 852 |
8 |
|
|b CARM
|h A2:AF37G0
|i A00417
|p 0078413
|f BK
|
| 082 |
0 |
4 |
|a 338.52
|
| 999 |
f |
f |
|i 411d5725-6fa0-5b9c-9d4b-f19fdbb37994
|s 05634f4f-d0c3-5d2a-83f8-fe4bef578cbc
|
| 952 |
f |
f |
|p Can circulate
|a CAVAL
|b CAVAL
|c CAVAL
|d CARM 1 Store
|e A00417
|f A2:AF37G0
|h Other scheme
|i book
|m 0078413
|